000 01205pam a2200289 a 4500
005 20131030105042.0
008 930216s1993 wiua b s101 0 eng
020 _a0299138801 :
020 _a0299138844
041 0 _aeng
080 _a316.75
245 0 4 _aThe Rising tide of cultural pluralism :
_cedited by Crawford Young.
260 _aMadison, Wis. :
_bUniversity of Wisconsin Press,
_cc1993.
300 _axii, 305 p. :
_bill. ;
_c24 cm.
500 _aPreface : f. XI-XII
500 _aBased on a Summer Seminar for College Teachers held in the summer of 1990.
504 _aIncludes bibliographical references and index.
650 0 _aNacionalizmi
_vKongreset
650 0 _aPluralizmi kultural
_vKongreset
650 0 _aGrupe etnike
_xAktiviteti politik
_vKongreset
650 0 _aMarrëdhëniet etnike
_xAspektet politike
_vKongreset
650 0 _aEtniciteti
_xAspektet politike
_vKongreset
700 1 _aYoung, Crawford,
_d1931-
856 4 2 _3Contributor biographical information
_uhttp://www.loc.gov/catdir/enhancements/fy0609/93007103-b.html
856 4 2 _3Publisher description
_uhttp://www.loc.gov/catdir/enhancements/fy0608/93007103-d.html
942 _2udc
_cBK
999 _c219
_d219